| 000 | 00348nam a2200133Ia 4500 | ||
|---|---|---|---|
| 008 | 231129s2003||||xx |||||||||||||| ||spa|| | ||
| 040 | _bspa | ||
| 082 | _a384.54 P613m | ||
| 100 | _aPiedrahita Wbeimar | ||
| 245 | 0 | _aManual de locución y radio | |
| 260 | _c2003 | ||
| 264 | _aBogotá Colombia : Ministerio de Comunicaciones | ||
| 942 |
_2ddc _cBKS |
||
| 999 |
_c20398 _d20398 |
||